01223nam a22003134a 4500001001200000003000800012006001900020007001500039008004100054010001700095020003500112040002100147035002000168050002600188082001600214100003000230245009100260260005800351300002200409504005100431533015200482650003500634650001600669650002900685650002300714655002900737710001700766856012600783ebr10103519CaPaEBRm u cr cn|||||||||030108s2004 enka sb 001 0 eng  z 2003000331 z0195117808 (hbk. : alk. paper) aCaPaEBRcCaPaEBR a(OCoLC)6133012714aQE471.2b.S697 2004eb04a541.3/32211 aSposito, Garrison,d1939-14aThe surface chemistry of natural particlesh[electronic resource] /cGarrison Sposito. aOxford ;aNew York :bOxford University Press,c2004. ax, 242 p. :bill. aIncludes bibliographical references and index. aElectronic reproduction.bPalo Alto, Calif. :cebrary,d2013.nAvailable via World Wide Web.nAccess may be limited to ebrary affiliated libraries. 0aSediments (Geology)xSurfaces. 0aAdsorption. 0aSolid-liquid interfaces. 0aSurface chemistry. 7aElectronic books.2local2 aebrary, Inc.40uhttp://site.ebrary.com/lib/rucke/Doc?id=10103519zAn electronic book accessible through the World Wide Web; click to view